[Event "Dundee & Angus Congress Major"]
[Site "?"]
[Date "2011.10.15"]
[Round "3"]
[White "Robertson, Jim"]
[Black "Aitchison, A. Keith"]
[Result "1-0"]
[WhiteElo "1479"]
[BlackElo "1640"]
[PlyCount "57"]

{128MB, Fritz9.ctg, CASTLEHILL} 1. d4 1... Nf6 2. e3 g6 3. Bd3 d5 4. Nd2 Bg7 5.
f4 Nbd7 6. Ngf3 c5 7. c3 c4 8. Bc2 Qc7 9. Ne5 Nxe5 10. fxe5 Bg4 11. Nf3 Ne4 12.
O-O O-O 13. Qe1 f6 14. Qh4 Bxf3 15. gxf3 Ng5 16. e4 h6 17. exd5 fxe5 18. Bxg5
hxg5 19. Qxg5 exd4 20. cxd4 Qf4 21. Qxg6 Rf6 22. Qe4 Qg5+ 23. Kh1 Rh6 24. Rf2
Rf8 25. Rg1 Qf4 26. Rfg2 Kh8 27. Qxf4 Rxf4 28. Rxg7 Rxh2+ 29. Kxh2 1-0

[Event "Dundee & Angus Congress Major"]
[Site "?"]
[Date "2011.??.??"]
[Round "3"]
[White "Morris, Ian"]
[Black "Livie, Gordon"]
[Result "0-1"]
[WhiteElo "1431"]
[BlackElo "1623"]
[PlyCount "90"]

1. c4 Nf6 2. Nc3 e6 3. g3 d5 4. cxd5 exd5 5. Bg2 c6 6. d4 Be7 7. Nf3 Nbd7 8.
O-O O-O 9. Re1 Re8 10. Qc2 Bd6 11. e4 dxe4 12. Nxe4 Nxe4 13. Rxe4 Rxe4 14. Qxe4
Nf6 15. Qd3 h6 16. Bd2 Be6 17. a3 Qd7 18. Re1 Bc7 19. Ne5 Qd6 20. Qe2 Rd8 21.
Bc3 Bb6 22. Rd1 Bd5 23. Qc2 Qe6 24. Qe2 Bc7 25. Qe3 Bxg2 26. Kxg2 Bxe5 27. d5
Nxd5 28. Qxe5 Qxe5 29. Bxe5 Ne3+ 30. fxe3 Rxd1 31. Kf3 f6 32. Bd4 b6 33. Ke2
Rh1 34. h4 c5 35. Bc3 Kf7 36. Kf2 Rh2+ 37. Kf3 Ke6 38. e4 a6 39. Ke3 b5 40. b4
c4 41. Bd2 Rg2 42. Be1 Ra2 43. Bf2 Rxa3+ 44. Kd2 Ke5 45. Kc2 Ra2+ 0-1

[Event "Dundee & Angus Congress Major"]
[Site "?"]
[Date "2011.??.??"]
[Round "4"]
[White "Heathcote, Colin"]
[Black "Rutherford, Kathleen"]
[Result "1-0"]
[WhiteElo "1509"]
[BlackElo "1336"]
[PlyCount "87"]

1. e4 d5 2. exd5 Qxd5 3. Nc3 Qd8 4. Nf3 Bg4 5. Be2 Nf6 6. d4 Nc6 7. Be3 e6 8.
a3 Be7 9. Qd2 Nd5 10. Nxd5 Qxd5 11. c4 Qa5 12. Qxa5 Nxa5 13. b4 Bxf3 14. Bxf3
Nxc4 15. Bxb7 Nxe3 16. Bc6+ Kd8 17. fxe3 Rb8 18. b5 Bd6 19. Ke2 Ke7 20. g4 f6
21. h4 h6 22. a4 g5 23. h5 f5 24. Bf3 Rb6 25. Rac1 Rc8 26. e4 f4 27. e5 Bb4 28.
Rc4 Ba5 29. Rhc1 Kd8 30. Rc6 Rxc6 31. Rxc6 Ke7 32. Kd3 Rb8 33. d5 exd5 34. Bxd5
Rh8 35. Ke4 Bb6 36. Rf6 Ba5 37. Kf5 Bc3 38. Rf7+ Kd8 39. e6 Bb4 40. Kg6 Bf8 41.
Bb7 Be7 42. Kg7 Re8 43. Bc6 Bf8+ 44. Rxf8 1-0

[Event "Dundee & Angus Congress Major"]
[Site "?"]
[Date "2011.??.??"]
[Round "4"]
[White "Campbell, Kevin"]
[Black "Van Mulken, Nanning"]
[Result "1-0"]
[WhiteElo "1672"]
[BlackElo "1482"]
[PlyCount "126"]

1. e4 c6 2. d4 d5 3. e5 c5 4. c3 Nc6 5. Nf3 Bg4 6. Bb5 e6 7. Bxc6+ bxc6 8. Na3
cxd4 9. cxd4 Bb4+ 10. Kf1 Ne7 11. Nc2 Ba5 12. Bg5 Rb8 13. Rb1 h6 14. Bxe7 Qxe7
15. h3 Bf5 16. a3 O-O 17. b4 Bb6 18. Rc1 Qb7 19. Nh4 Bxc2 20. Rxc2 Qa6+ 21. Kg1
Qxa3 22. Rd2 Qxb4 23. Rd3 Bd8 24. Nf3 Qb1 25. Kh2 Qxd1 26. Rhxd1 Rb2 27. Kg1
Bb6 28. Rc3 a5 29. Rxc6 a4 30. Ra1 Rb4 31. Rd1 a3 32. Rcc1 a2 33. Ra1 Ra8 34.
g4 Raa4 35. Kg2 Rc4 36. Rd2 Bxd4 37. Nxd4 Rxd4 38. Rdxa2 Rxa2 39. Rxa2 Re4 40.
Ra8+ Kh7 41. Rf8 Kg6 42. f3 Rxe5 43. h4 f6 44. Kg3 d4 45. h5+ Kh7 46. Ra8 d3
47. Ra2 f5 48. Rd2 Rd5 49. gxf5 exf5 50. f4 g5 51. hxg6+ Kxg6 52. Kf3 h5 53.
Ke3 h4 54. Rg2+ Kh6 55. Kd2 Rd4 56. Rf2 Kh5 57. Rf1 Rxf4 58. Rxf4 Kg5 59. Ra4
f4 60. Kxd3 h3 61. Ke2 Kg4 62. Kf2 Kf5 63. Kf3 Kg5 1-0

[Event "Dundee & Angus Congress Major"]
[Site "?"]
[Date "2011.??.??"]
[Round "4"]
[White "McDonald, Angus"]
[Black "Monaghan, Mark"]
[Result "0-1"]
[WhiteElo "1575"]
[BlackElo "1705"]
[PlyCount "90"]

1. d4 d5 2. Nf3 Nf6 3. e3 Bf5 4. Bd3 Bg6 5. Nbd2 e6 6. O-O Nc6 7. c3 Bd6 8. h3
Bh5 9. e4 dxe4 10. Nxe4 h6 11. Nxd6+ cxd6 12. Bf4 g5 13. Be3 g4 14. hxg4 Bxg4
15. Be2 Rg8 16. Nh2 h5 17. f3 Bh3 18. Rf2 Nd5 19. Bd2 Qh4 20. Qf1 O-O-O 21. Kh1
Bf5 22. g4 hxg4 23. fxg4 Be4+ 24. Bf3 f5 25. Bxe4 fxe4 26. Rg2 e3 27. c4 Rdf8
28. Qe1 Qxe1+ 29. Bxe1 Nf4 30. Rg3 Nxd4 31. c5 d5 32. Rd1 Nc2 33. Bc3 e2 34.
Rc1 e1=Q+ 35. Bxe1 Nd4 36. Ra3 a6 37. Bg3 Nfe2 38. Re1 Nxg3+ 39. Rxg3 Rh8 40.
Kg2 Kd7 41. Nf3 Rxf3 42. Rxf3 Rh2+ 43. Kg3 Nxf3 44. Kxf3 Rxb2 45. g5 45... Ke7
{A further 17 moves were played but the scoresheets were indecipherable} 0-1

[Event "Dundee & Angus Congress Major"]
[Site "?"]
[Date "2011.??.??"]
[Round "4"]
[White "Clinton, William"]
[Black "Harkins, William"]
[Result "1-0"]
[WhiteElo "1630"]
[BlackElo "1494"]
[PlyCount "98"]

1. e4 c5 2. Nc3 d6 3. f4 Nf6 4. Nf3 a6 5. a4 e6 6. g3 Nc6 7. Bg2 Be7 8. d3 Qc7
9. Be3 b6 10. O-O Bb7 11. Qe2 O-O 12. Nh4 Nd7 13. Qg4 Bxh4 14. Qxh4 Qd8 15. Qh3
Nf6 16. f5 Qe7 17. g4 Kh8 18. g5 Nd7 19. f6 gxf6 20. gxf6 Qe8 21. Bh6 Rg8 22.
Bg7+ Rxg7 23. fxg7+ Kg8 24. Qh6 Nce5 25. Rf4 Ng6 26. Rf3 f5 27. Rh3 Nf6 28. Rf1
Qd7 29. exf5 exf5 30. Bxb7 Qxb7 31. Rxf5 Qxg7 32. Qxg7+ Kxg7 33. Rhf3 Rf8 34.
Rf2 Ne5 35. Rg2+ Ng6 36. Rgf2 Nh4 37. R5f4 Ng6 38. R4f3 Nh4 39. Re3 Rf7 40. Re6
Ng4 41. Rxf7+ Kxf7 42. Rxd6 Nf3+ 43. Kg2 Ne1+ 44. Kg3 Ne3 45. Rxb6 N3xc2 46.
Rxa6 Nb4 47. Rb6 Nexd3 48. a5 Ne5 49. Ne4 Nd7 1-0

[Event "Dundee & Angus Congress Major"]
[Site "?"]
[Date "2011.10.16"]
[Round "4"]
[White "MacQueen, Andrew"]
[Black "Kerr, Robert"]
[Result "1-0"]
[WhiteElo "1727"]
[BlackElo "1464"]
[PlyCount "39"]

{128MB, Fritz9.ctg, CASTLEHILL} 1. e4 1... e5 2. Nf3 Nf6 3. Bc4 Nc6 4. O-O Be7
5. Nc3 Nxe4 6. Nxe4 d5 7. Bd3 dxe4 8. Bxe4 Be6 9. Bxc6+ bxc6 10. Nxe5 Qd5 11.
d4 c5 12. c3 O-O 13. h3 Rad8 14. Be3 cxd4 15. cxd4 c5 16. Nf3 Qb7 17. Qe2 Rd5
18. dxc5 Rh5 19. Ne1 Bxh3 20. Qxh5 1-0

[Event "Dundee & Angus Congress Major"]
[Site "?"]
[Date "2011.10.16"]
[Round "4"]
[White "Milton, Carl"]
[Black "Abdulla, Nihad"]
[Result "1/2-1/2"]
[WhiteElo "1310"]
[BlackElo "1485"]
[PlyCount "38"]

{128MB, Fritz9.ctg, CASTLEHILL} 1. d4 1... d5 2. c4 e6 3. Nc3 Nf6 4. Bg5 Be7 5.
e3 O-O 6. Nf3 h6 7. Bh4 b6 8. cxd5 Nxd5 9. Bxe7 Qxe7 10. Nxd5 exd5 11. Bd3 Nd7
12. O-O Bb7 13. Rc1 c5 14. b3 Rac8 15. Qe2 f5 16. Rfe1 f4 17. Bb1 fxe3 18. fxe3
c4 19. Qc2 g5 1/2-1/2

[Event "Dundee & Angus Congress Major"]
[Site "?"]
[Date "2011.10.16"]
[Round "4"]
[White "Livie, George"]
[Black "Robertson, Jim"]
[Result "1-0"]
[WhiteElo "1623"]
[BlackElo "1479"]
[PlyCount "43"]

{128MB, Fritz9.ctg, CASTLEHILL} 1. c4 1... e6 2. Nf3 d5 3. g3 c6 4. Bg2 f5 5.
cxd5 exd5 6. d4 Nf6 7. O-O Bd6 8. Nc3 Nbd7 9. Bh3 Ng4 10. Nh4 Qf6 11. e4 dxe4
12. Bxg4 fxg4 13. Nxe4 Qf8 14. Nxd6+ Qxd6 15. Re1+ Kf7 16. Nf5 Qd5 17. Ne3 Qf3
18. Qb3+ Kg6 19. Qd3+ Kh5 20. Ng2 g5 21. Nf4+ Kh6 22. Re3 1-0

[Event "Dundee & Angus Congress Major"]
[Site "?"]
[Date "2011.10.16"]
[Round "4"]
[White "Atkins, Graham"]
[Black "Howie, Colin"]
[Result "1-0"]
[WhiteElo "1471"]
[BlackElo "1211"]
[PlyCount "53"]

{128MB, Fritz9.ctg, CASTLEHILL} 1. e4 1... c6 2. d4 d5 3. Nc3 dxe4 4. Nxe4 Bf5
5. Ng3 Bg6 6. Nf3 Nd7 7. Bd3 Ngf6 8. Bxg6 hxg6 9. Be3 e6 10. Qd3 Nd5 11. O-O
Bd6 12. Ng5 N7f6 13. h3 Bxg3 14. fxg3 Nxe3 15. Qxe3 O-O 16. Qf4 Qe7 17. Rae1
Nh7 18. Nxh7 Kxh7 19. Qe4 Rad8 20. c3 c5 21. d5 Rfe8 22. dxe6 Qxe6 23. Qh4+ Kg8
24. Rxe6 fxe6 25. Qe4 Rd7 26. Qxg6 Rf7 27. Qxf7+ 1-0

[Event "Dundee & Angus Congress Major"]
[Site "?"]
[Date "2011.10.16"]
[Round "4"]
[White "Pannwitz, Kai"]
[Black "Babin, Andre"]
[Result "0-1"]
[WhiteElo "1230"]
[BlackElo "1633"]
[PlyCount "54"]

{128MB, Fritz9.ctg, CASTLEHILL} 1. Nf3 1... d5 2. c4 e6 3. d4 c6 4. g3 Nf6 5.
Bg2 Bd6 6. Qc2 Nbd7 7. Nbd2 O-O 8. O-O b6 9. e4 dxe4 10. Nxe4 Nxe4 11. Qxe4 Bb7
12. Re1 Qc7 13. Be3 Nf6 14. Qc2 c5 15. dxc5 Bxc5 16. Bf4 Qe7 17. Rad1 Rfd8 18.
Rxd8+ Rxd8 19. Rd1 Rxd1+ 20. Qxd1 Ng4 21. Nd4 Nxf2 22. Kxf2 e5 23. Be3 exd4 24.
Bxd4 Qf6+ 25. Ke1 Bxd4 26. Qa4 Qf2+ 27. Kd1 Qg1+ 0-1

[Event "Dundee & Angus Congress Major"]
[Site "?"]
[Date "2011.10.16"]
[Round "4"]
[White "Flockhart, Hugh"]
[Black "Durno, Joy"]
[Result "0-1"]
[WhiteElo "1612"]
[BlackElo "1729"]
[PlyCount "94"]

{128MB, Fritz9.ctg, CASTLEHILL} 1. e4 1... c5 2. Nf3 e6 3. c3 Nf6 4. Bd3 d6 5.
O-O Be7 6. Bc2 b6 7. d4 Bb7 8. Re1 O-O 9. Nbd2 Qc7 10. Nf1 cxd4 11. Nxd4 Nbd7
12. Nf3 Rfd8 13. h3 Rac8 14. Ng3 a5 15. Bf4 Ne5 16. Nd4 Nc4 17. Bc1 Ba6 18. Nh5
Nxh5 19. Qxh5 Bf6 20. e5 g6 21. Qf3 Bxe5 22. Ne2 Bg7 23. Ng3 d5 24. h4 e5 25.
h5 e4 26. Qg4 Ne5 27. Qh3 Bd3 28. Bd1 Qd7 29. Qxd7 Rxd7 30. hxg6 hxg6 31. Bf4
Re7 32. Bb3 Bc4 33. Rad1 Bxb3 34. axb3 Nd3 35. Be3 Re6 36. Rb1 f5 37. Ne2 Be5
38. Bd4 Bg7 39. g3 Kf7 40. Kg2 Rcc6 41. Rh1 Be5 42. Rh7+ Kf6 43. Rbh1 Bxd4 44.
Nxd4 Rc7 45. Nb5 Rxh7 46. Rxh7 Nxb2 47. Rd7 Rc6 0-1

[Event "Dundee & Angus Congress Major"]
[Site "?"]
[Date "2011.10.16"]
[Round "4"]
[White "Emery, Keith"]
[Black "Mitchell, Jeremy"]
[Result "0-1"]
[WhiteElo "1704"]
[BlackElo "1703"]
[PlyCount "104"]

{128MB, Fritz9.ctg, CASTLEHILL} 1. e4 1... c5 2. Nf3 d6 3. Bb5+ Bd7 4. Qe2 g6
5. Nc3 Bg7 6. e5 Bxb5 7. Qxb5+ Qd7 8. Qxd7+ Kxd7 9. exd6 exd6 10. Ng5 Nh6 11.
O-O Nc6 12. Nb5 a6 13. Na3 b5 14. c3 Rae8 15. Nf3 Ng4 16. Nc2 Nge5 17. Nxe5+
Bxe5 18. d3 b4 19. Bd2 bxc3 20. bxc3 Rb8 21. Rab1 Rxb1 22. Rxb1 Rb8 23. Rxb8
Nxb8 24. f4 Bg7 25. Kf2 Kc6 26. Ne1 Nd7 27. Nf3 h6 28. g4 Kb5 29. Ne1 Ka4 30.
Nc2 Nf6 31. g5 hxg5 32. fxg5 Nd5 33. c4 Nb4 34. Bxb4 cxb4 35. Ke3 b3 36. axb3+
Kxb3 37. Nd4+ Bxd4+ 38. Kxd4 a5 39. Kd5 a4 40. Kxd6 a3 41. c5 a2 42. c6 a1=Q
43. c7 Qd4+ 44. Kc6 Qa4+ 45. Kc5 Qd7 46. Kb6 Kb4 47. d4 Qxd4+ 48. Kb7 Qd7 49.
Kb8 Qb5+ 50. Ka8 Qc6+ 51. Kb8 Qb6+ 52. Kc8 Kc5 0-1

[Event "Dundee & Angus Congress Major"]
[Site "?"]
[Date "2011.10.16"]
[Round "4"]
[White "Konarski, Jannic"]
[Black "Smith, John"]
[Result "1/2-1/2"]
[WhiteElo "1681"]
[BlackElo "1628"]
[PlyCount "83"]

{128MB, Fritz9.ctg, CASTLEHILL} 1. d4 1... d5 2. Nf3 c6 3. e3 Bf5 4. Nbd2 Nf6
5. Be2 e6 6. O-O Bd6 7. b3 Nbd7 8. Bb2 O-O 9. Ne5 Ne4 10. Nxe4 Bxe4 11. f3 Bf5
12. c4 f6 13. Nd3 Qc7 14. f4 Rae8 15. Bh5 g6 16. Bf3 Qd8 17. Nf2 g5 18. fxg5
fxg5 19. e4 dxe4 20. Nxe4 Bxe4 21. Bxe4 Rxf1+ 22. Qxf1 Rf8 23. Qe2 Qf6 24. g3
Qf7 25. Rf1 Qxf1+ 26. Qxf1 Rxf1+ 27. Kxf1 Nf6 28. Bf3 Kf7 29. Kf2 h6 30. Bc1 g4
31. Bg2 h5 32. Bg5 Kg6 33. Bxf6 Kxf6 34. Be4 e5 35. d5 c5 36. Ke3 a6 37. a4 a5
38. Bd3 b6 39. Ke4 Kg5 40. Be2 Kg6 41. Bd1 Kg5 42. Be2 1/2-1/2

[Event "Dundee & Angus Congress Major"]
[Site "?"]
[Date "2011.10.16"]
[Round "4"]
[White "Moore, Robin"]
[Black "Shafi, Paul"]
[Result "0-1"]
[WhiteElo "1725"]
[BlackElo "1558"]
[PlyCount "66"]

{128MB, Fritz9.ctg, CASTLEHILL} 1. e4 1... c5 2. d4 cxd4 3. c3 Nc6 4. cxd4 d6
5. Nf3 Bg4 6. Be3 Nf6 7. Nc3 g6 8. Bc4 Bg7 9. h3 Bd7 10. a3 a6 11. O-O Qc8 12.
Ba2 b5 13. Qd2 O-O 14. Bh6 Qb7 15. Bxg7 Kxg7 16. Rfd1 b4 17. axb4 Nxb4 18. e5
Ne8 19. d5 Nxa2 20. Rxa2 dxe5 21. Nxe5 Nd6 22. Nxd7 Qxd7 23. Rda1 Qb7 24. Qe2
Rfb8 25. Rxa6 Rxa6 26. Rxa6 Kf8 27. Ra2 Qb3 28. Qd1 Qc4 29. Qa4 Qc5 30. Qd7 Rb7
31. Ra8+ Kg7 32. Qd8 Rxb2 33. Qxe7 Qxf2+ 0-1

[Event "Dundee & Angus Congress Major"]
[Site "?"]
[Date "2011.10.16"]
[Round "4"]
[White "Andrews, Norman"]
[Black "Smith, Stephen"]
[Result "0-1"]
[WhiteElo "1522"]
[BlackElo "1670"]
[PlyCount "88"]

{128MB, Fritz9.ctg, CASTLEHILL} 1. e4 1... e6 2. d4 d5 3. Nc3 Bb4 4. e5 Ne7 5.
Bd2 a6 6. Nf3 c5 7. a3 Bxc3 8. bxc3 Nbc6 9. Bd3 Qc7 10. O-O Bd7 11. Rb1 c4 12.
Be2 h6 13. h3 O-O-O 14. Nh2 f6 15. exf6 gxf6 16. Qc1 h5 17. Bf4 e5 18. dxe5
fxe5 19. Be3 Rdg8 20. Kh1 Nf5 21. Nf3 Nxe3 22. Qxe3 e4 23. Nd4 Ne5 24. Qf4 Rf8
25. Qh2 Qd6 26. Rb4 Qf6 27. Rfb1 b5 28. a4 Ng4 29. Bxg4 hxg4 30. axb5 gxh3 31.
g3 a5 32. R4b2 Qxf2 33. Nc6 Qxh2+ 34. Kxh2 Rf2+ 35. Kh1 Rhf8 36. Ne5 Rf1+ 37.
Rxf1 Rxf1+ 38. Kh2 Be6 39. g4 e3 40. b6 Kb7 41. Nd3 Bc8 42. Kxh3 e2 43. Nc5+
Kc6 44. Ne6 e1=Q 0-1

[Event "Dundee & Angus Congress Major"]
[Site "?"]
[Date "2011.10.16"]
[Round "5"]
[White "Durno, Joy"]
[Black "Campbell, Kevin"]
[Result "0-1"]
[WhiteElo "1729"]
[BlackElo "1627"]
[PlyCount "62"]

{128MB, Fritz9.ctg, CASTLEHILL} 1. d4 1... Nf6 2. c4 e5 3. dxe5 Ng4 4. Nf3 Nc6
5. Bf4 Bb4+ 6. Nbd2 Qe7 7. h3 Ngxe5 8. Nxe5 Nxe5 9. e3 d6 10. a3 Bxd2+ 11. Qxd2
O-O 12. Be2 Be6 13. Rc1 Rad8 14. O-O Ng6 15. Bg3 Qg5 16. Qc3 h5 17. Kh1 f5 18.
Bh2 f4 19. exf4 Nxf4 20. Bf3 h4 21. Bxf4 Qxf4 22. Bxb7 Rf6 23. Bd5 Bxd5 24.
cxd5 Rd7 25. Rce1 Rdf7 26. Re8+ Kh7 27. Kg1 Qg5 28. Re4 Rf3 29. Qc2 Kg8 30. Rg4
Qf5 31. gxf3 Qxc2 0-1

[Event "Dundee & Angus Congress Major"]
[Site "?"]
[Date "2011.10.16"]
[Round "5"]
[White "Shafi, Paul"]
[Black "Clinton, William"]
[Result "1-0"]
[WhiteElo "1558"]
[BlackElo "1630"]
[PlyCount "91"]

{128MB, Fritz9.ctg, CASTLEHILL} 1. d4 1... Nf6 2. Bf4 g6 3. Nf3 Bg7 4. e3 d5 5.
Nbd2 c5 6. c3 cxd4 7. exd4 O-O 8. Bd3 b6 9. O-O Ba6 10. Bxa6 Nxa6 11. Ne5 Nh5
12. Qg4 Nxf4 13. Qxf4 Nc7 14. Ndf3 Nb5 15. Qh4 e6 16. Qh3 Nd6 17. Nd2 Bxe5 18.
dxe5 Nc4 19. Nxc4 dxc4 20. Rad1 Qc7 21. Rd6 Rad8 22. Rfd1 Rxd6 23. exd6 Qd7 24.
Qh4 b5 25. Qf6 Rd8 26. h4 Rc8 27. Qe7 Rd8 28. Kh2 Kg7 29. g4 h6 30. g5 h5 31.
Kg3 a6 32. Kf4 Kg8 33. Ke5 Kg7 34. Qxd7 Rxd7 35. Ra1 Rb7 36. Kd4 Kf8 37. Kc5
Ke8 38. Kc6 Ra7 39. a4 bxa4 40. Rxa4 Ra8 41. Kb7 Rd8 42. Rxa6 Kd7 43. Rc6 Rf8
44. Rxc4 Kxd6 45. Rc8 Rxc8 46. Kxc8 1-0

[Event "Dundee & Angus Congress Major"]
[Site "?"]
[Date "2011.10.16"]
[Round "5"]
[White "Smith, John"]
[Black "Heathcote, Colin"]
[Result "1/2-1/2"]
[WhiteElo "1628"]
[BlackElo "1509"]
[PlyCount "87"]

{128MB, Fritz9.ctg, CASTLEHILL} 1. e4 1... c5 2. Nc3 d6 3. Nf3 Nc6 4. d4 cxd4
5. Nxd4 Nf6 6. Be2 e6 7. Be3 Be7 8. Qd2 a6 9. O-O O-O 10. Kh1 Nxd4 11. Bxd4 e5
12. Be3 b5 13. a3 Bb7 14. f3 Rc8 15. Rad1 Qc7 16. Bg5 Rfd8 17. Bxf6 Bxf6 18.
Bd3 Kh8 19. f4 d5 20. exd5 Bxd5 21. fxe5 Bxe5 22. Nxd5 Rxd5 23. Qg5 g6 24. c3
Rcd8 25. Bc2 f6 26. Qh4 Rxd1 27. Bxd1 Rd2 28. Qh6 Qd6 29. Bf3 Bf4 30. Qh3 f5
31. Qh4 Rxb2 32. Re1 Be5 33. Qh6 Kg8 34. Rd1 Qf6 35. Bd5+ Kh8 36. Re1 Rc2 37.
Qe3 Rxc3 38. Qe2 Rc8 39. g3 Re8 40. Qc2 Qd6 41. Bg2 Qxa3 42. Qc6 Qe7 43. Qxa6
Qb4 44. Rd1 1/2-1/2

[Event "Dundee & Angus Congress Major"]
[Site "?"]
[Date "2011.10.16"]
[Round "5"]
[White "Cassidy, Bernard"]
[Black "Konarski, Jannic"]
[Result "0-1"]
[WhiteElo "1438"]
[BlackElo "1681"]
[PlyCount "91"]

{128MB, Fritz9.ctg, CASTLEHILL} 1. e4 1... e6 2. Nf3 d5 3. exd5 exd5 4. d4 Bd6
5. Be3 Nc6 6. c3 Nge7 7. Nbd2 Bf5 8. Be2 Qd7 9. O-O f6 10. Nb3 b6 11. Ne1 g5
12. Bh5+ Bg6 13. f4 Nf5 14. Bd2 gxf4 15. Bxf4 O-O-O 16. Bxd6 Qxd6 17. Bg4 Nce7
18. Nd3 Kb8 19. Qf3 h5 20. Bxf5 Bxf5 21. Nd2 Rdg8 22. Kh1 h4 23. Rae1 Rg5 24.
Nf4 Bg4 25. Qd3 Nf5 26. Kg1 Ng7 27. a4 h3 28. g3 Bf5 29. Qb5 Bd7 30. Qa6 Nh5
31. Nxh5 Rhxh5 32. Re3 Rh8 33. Rfe1 Rhg8 34. Nf1 Rg4 35. Kh1 Re4 36. Nd2 f5 37.
Qf1 Reg4 38. Rf3 Qh6 39. Rf4 Rxf4 40. gxf4 Rg4 41. Qe2 Qxf4 42. Rf1 Qd6 43. Qf3
Rg2 44. Qf4 Qxf4 45. Rxf4 Rxd2 46. Rh4 0-1

[Event "Dundee & Angus Congress Major"]
[Site "?"]
[Date "2011.10.16"]
[Round "5"]
[White "Cunningham, Jim"]
[Black "Andrews, Norman"]
[Result "1/2-1/2"]
[WhiteElo "1611"]
[BlackElo "1522"]
[PlyCount "87"]

{128MB, Fritz9.ctg, CASTLEHILL} 1. e4 1... c5 2. d4 cxd4 3. c3 g6 4. Qxd4 Nf6
5. e5 Nc6 6. Qf4 Nd5 7. Qe4 e6 8. f4 f6 9. Nf3 Bh6 10. g3 fxe5 11. Nxe5 Nf6 12.
Qe2 Qc7 13. Nxc6 bxc6 14. Bg2 a5 15. O-O Ba6 16. c4 Bg7 17. Nc3 Kf7 18. Re1
Rhe8 19. Rb1 d5 20. b3 Rab8 21. Bd2 d4 22. Ne4 Nxe4 23. Qxe4 c5 24. Qc6 Qxc6
25. Bxc6 Bb7 26. Bxe8+ Rxe8 27. a4 Ra8 28. Kf2 Bf6 29. Re2 Bc6 30. Ree1 Bd8 31.
Re5 Bb6 32. Ke2 Rc8 33. Kd3 Bd7 34. Rbe1 Rc6 35. Bc1 Bc7 36. R5e2 Rb6 37. Rb2
Rb7 38. Ree2 Rb4 39. Bd2 Rb7 40. Be1 Bc6 41. Rf2 Bd7 42. Rfe2 Bc6 43. Rf2 Bd7
44. Rfe2 1/2-1/2

[Event "Dundee & Angus Congress Major"]
[Site "?"]
[Date "2011.10.16"]
[Round "5"]
[White "Van Mulken, Nanning"]
[Black "Aitchison, A. Keith"]
[Result "0-1"]
[WhiteElo "1482"]
[BlackElo "1640"]
[PlyCount "72"]

{128MB, Fritz9.ctg, CASTLEHILL} 1. Nf3 1... c5 2. g3 Nc6 3. Bg2 d5 4. O-O Nf6
5. d3 e6 6. Nbd2 Bd6 7. e4 Qc7 8. Re1 O-O 9. Nf1 h6 10. h4 b6 11. Qe2 Ba6 12.
e5 Bxe5 13. Nxe5 Nd4 14. Qd1 Ne4 15. Bxe4 dxe4 16. Rxe4 Bb7 17. Re3 Nf5 18. Nf3
Qc6 19. Re4 Nd6 20. Ne5 Qc7 21. Rg4 Nf5 22. Bf4 f6 23. Nf3 Qc6 24. N1h2 h5 25.
Rxg7+ Kxg7 26. Qd2 Rg8 27. Re1 Rae8 28. Kf1 e5 29. Be3 Rd8 30. Qc1 Kh8 31. Re2
e4 32. dxe4 Qxe4 33. Bg5 Ba6 34. Bxf6+ Kh7 35. Ng5+ Rxg5 36. Qxg5 Qh1# 0-1

[Event "Dundee & Angus Congress Major"]
[Site "?"]
[Date "2011.10.16"]
[Round "5"]
[White "Robertson, Jim"]
[Black "Flockhart, Hugh"]
[Result "1/2-1/2"]
[WhiteElo "1479"]
[BlackElo "1612"]
[PlyCount "62"]

{128MB, Fritz9.ctg, CASTLEHILL} 1. d4 1... Nf6 2. e3 g6 3. Bd3 Bg7 4. Nd2 O-O
5. f4 d6 6. Ngf3 Nd5 7. Ne4 Nb4 8. Ng3 Nxd3+ 9. Qxd3 Nc6 10. e4 e5 11. fxe5
dxe5 12. d5 Ne7 13. h4 f5 14. Bg5 Qd6 15. O-O-O f4 16. Ne2 h6 17. Bxe7 Qxe7 18.
d6 cxd6 19. Qxd6 Qxd6 20. Rxd6 Kh7 21. Rhd1 Bg4 22. Nc3 Rf6 23. R6d3 Rf7 24. a4
h5 25. a5 Rc8 26. Na4 Rc4 27. Nc3 Rc5 28. Rd5 Rfc7 29. R1d2 Rxd5 30. Rxd5 Bxf3
31. gxf3 Bf6 1/2-1/2

[Event "Dundee & Angus Congress Major"]
[Site "?"]
[Date "2011.10.16"]
[Round "5"]
[White "Rutherford, Kathleen"]
[Black "Chalmers, Martin"]
[Result "0-1"]
[WhiteElo "1336"]
[BlackElo "1537"]
[PlyCount "56"]

{128MB, Fritz9.ctg, CASTLEHILL} 1. e4 1... Nf6 2. Nc3 d5 3. exd5 Nxd5 4. Bb5+
c6 5. Bc4 Nb6 6. Bb3 a5 7. a3 a4 8. Ba2 N8d7 9. Qh5 g6 10. Qf3 Ne5 11. Qe2 Bg7
12. d3 O-O 13. h3 Nd5 14. Ne4 Bf5 15. Ng3 Bc8 16. d4 Nd7 17. Nf3 e5 18. Bxd5
cxd5 19. Qb5 exd4 20. Qxd5 Re8+ 21. Ne2 Qe7 22. Qc4 Nb6 23. Qd3 Bf5 24. Qd1
Rad8 25. Bg5 f6 26. Bf4 d3 27. cxd3 Rxd3 28. Qc2 Re3 0-1

[Event "Dundee & Angus Congress Major"]
[Site "?"]
[Date "2011.10.16"]
[Round "5"]
[White "Abdulla, Nihad"]
[Black "MacQueen, Andrew"]
[Result "0-1"]
[WhiteElo "1485"]
[BlackElo "1727"]
[PlyCount "56"]

{128MB, Fritz9.ctg, CASTLEHILL} 1. d4 1... Nf6 2. Nf3 g6 3. Bf4 Bg7 4. e3 O-O
5. Be2 Nc6 6. h3 d6 7. O-O Bd7 8. c4 e6 9. Nc3 a6 10. e4 Rc8 11. d5 exd5 12.
exd5 Ne7 13. Rc1 Re8 14. b4 a5 15. a3 axb4 16. axb4 Ra8 17. Re1 Ra3 18. Nb1 Ba4
19. Qd4 Nfxd5 20. Qa7 Nc6 21. Qxb7 Nxf4 22. Nxa3 Nxe2+ 23. Kf1 Nxc1 24. Rxc1
Ne5 25. Qa6 Nxf3 26. gxf3 Bd7 27. c5 Bxh3+ 28. Kg1 Qg5+ 0-1

[Event "Dundee & Angus Congress Major"]
[Site "?"]
[Date "2011.10.16"]
[Round "5"]
[White "Davidson, Eric"]
[Black "Abdulla, Murad"]
[Result "1/2-1/2"]
[WhiteElo "1685"]
[BlackElo "1442"]
[PlyCount "53"]

{128MB, Fritz9.ctg, CASTLEHILL} 1. e4 1... c5 2. Nf3 d6 3. c3 Nf6 4. Bb5+ Bd7
5. Bxd7+ Nbxd7 6. d3 g6 7. O-O Bg7 8. h3 O-O 9. Be3 a6 10. a4 Qc7 11. Qd2 c4
12. Na3 cxd3 13. Qxd3 Rac8 14. Qc2 Nc5 15. Bxc5 Qxc5 16. Rac1 Nd7 17. Qb3 Qb6
18. Qa2 Nc5 19. Nc4 Qb3 20. Qxb3 Nxb3 21. Nb6 Nxc1 22. Rxc1 Rc6 23. Nd5 Re8 24.
Rd1 Kf8 25. Nd4 Bxd4 26. Rxd4 Rec8 27. Rb4 1/2-1/2

[Event "Dundee & Angus Congress Major"]
[Site "?"]
[Date "2011.10.16"]
[Round "5"]
[White "Morris, Ian"]
[Black "MacDonald, Angus"]
[Result "1-0"]
[WhiteElo "1431"]
[BlackElo "1575"]
[PlyCount "73"]

{128MB, Fritz9.ctg, CASTLEHILL} 1. c4 1... f5 2. Qc2 Nf6 3. Nf3 d5 4. e3 c6 5.
Nc3 e6 6. d4 c5 7. cxd5 exd5 8. Bd3 Ne4 9. Bb5+ Nc6 10. dxc5 Qa5 11. Ne5 Qc7
12. Nd3 Be6 13. b4 Be7 14. Rb1 O-O 15. Nf4 Qe5 16. Bb2 Nxb4 17. Qb3 a5 18.
Ncxd5 Bxd5 19. Nxd5 Qxd5 20. Bc4 Rad8 21. Bxd5+ Rxd5 22. O-O Nxc5 23. Qc4 Kh8
24. a3 b5 25. Qxb5 Nbd3 26. Bd4 Rfd8 27. Bxc5 Bxc5 28. Qxa5 f4 29. Kh1 h5 30.
Qd2 Ne5 31. Qe2 Nd3 32. h3 fxe3 33. fxe3 Re8 34. Qf3 Rde5 35. Rb3 Rxe3 36.
Qxh5+ Kg8 37. Qd5+ 1-0

[Event "Dundee & Angus Congress Major"]
[Site "?"]
[Date "2011.10.16"]
[Round "5"]
[White "Atkins, Graham"]
[Black "Pannwitz, Kai"]
[Result "1-0"]
[WhiteElo "1471"]
[BlackElo "1230"]
[PlyCount "60"]

{128MB, Fritz9.ctg, CASTLEHILL} 1. e4 1... c5 2. Nf3 d6 3. d4 cxd4 4. Nxd4 Nf6
5. Nc3 e6 6. Bc4 a6 7. O-O Be7 8. Re1 Qc7 9. Bb3 b5 10. Be3 Bb7 11. f3 Nbd7 12.
Bf2 Rc8 13. Bg3 Ne5 14. Qe2 Nh5 15. Bf2 Nf4 16. Qe3 Bg5 17. Kh1 h6 18. g3 Ng2
19. Qe2 Nxe1 20. f4 Be7 21. fxe5 dxe5 22. Nxe6 fxe6 23. Qh5+ Kd8 24. Rxe1 Rf8
25. Rd1+ Bd6 26. Qxe5 Rxf2 27. Rxd6+ Ke8 28. Bxe6 Qe7 29. Rd7 Qxd7 30. Bxd7+
Kxd7 1-0